000 00738nam a22001697a 4500
999 _c60825
_d60825
005 20231025151103.0
008 231025s1968 ru ||||| |||| 00| 0 ru d
041 _arus
080 _a72(084)+904(084) M-69
100 _aМихайловский, Казимеж
_920246
245 _aПальмира:
_b [Альбом]/
_cАвтор текста: Казимеж Михайловский; Авторы фотографий: Анджей Дзевановский
264 _aВаршава:
_bАркады,
_c1968.
300 _a 32 ст.:
_b89 ст. ил.
_c29 cm.
653 _aარქიტექტურა
700 _aДзевановский, Анджей
_eფოტოგრაფი
_920244
942 _2udc
_cᲬᲘᲒᲜᲘ